00841nam a2200229 a 450000100060000000300090000600800410001502000180005604000280007404100080010208200130011010000320012324501290015525000120028426000390029630000430033550001240037865000400050265000310054265000210057370000170059425755CO-ViMGA141112s2004 ck r 000 u spa d a9786071509284 aCO-ViMGAbspacCO-ViMGA aSPA04a540 C31q1 aChang, Raymond, 1888 - 195910aQuímica / cRaymond Chag ; Revisión técnica Rodolfo Álvarez Manzo ; Silvia Ponce López ; Rosa Zugazagoitia Herranz a11a ed. aMéxico : bMcGraw - Hill, c2013 axxx, 1107 p. (en paginación variada) aIncluye apéndice. Incluye glosario. Incluye respuestas a problemas. Incluye índice analítico. Incluye créditos.14aQUIMICA - EXAMENES, PREGUNTAS, ETC.14aQUIMICA - LIBROS DE TEXTO 14aQUIMICA GENERAL 1 aJasso, Erika